MARC details
| 000 -LÍDER |
| campo de controle de tamanho fixo |
01500 a2200277 4500 |
| 001 - NÚMERO DE CONTROLE |
| campo de controle |
128072 |
| 020 ## - ISBN - INTERNATIONAL STANDARD BOOK NUMBER |
| ISBN - International Standard Book Number |
9780064407687 |
| 040 ## - FONTE DA CATALOGAÇÃO |
| Instituição que transcreveu o registro |
Escola Canadense de Niteroi |
| 090 ## - NÚMERO DE CHAMADA LOCAL |
| Número de chamada (OCLC) (R); Número de chamada, CALL (RLIN) (NR) |
SNI |
| 100 ## - ENTRADA PRINCIPAL--NOME PESSOAL |
| Nome pessoal |
Snicket, Lemony |
| 245 10 - TÍTULO |
| Título |
The wide window |
| 250 ## - EDIÇÃO |
| Edição |
1st. ed. |
| 260 ## - PUBLICAÇÃO, DISTRIBUIÇÃO, ETC. |
| Local de publicação, distribuição, etc. |
New York |
| 300 ## - DESCRIÇÃO FÍSICA |
| Extensão |
214 p. |
| Dimensões |
5 x 0.87 x 7 inches (hardcover) |
| 362 0# - DATAS DE PUBLICAÇÃO E/OU DESIGNAÇÃO SEQUENCIAL |
| Datas de publicação e/ou designação sequencial |
2000 |
| 490 0# - TÍTULO DA SÉRIE |
| Título da série |
A Series Of Unfortunate Events |
| 520 ## - NOTA DE RESUMO, ETC |
| Resumo, etc. |
Dear Reader,<br/>If you have not read anything about the Baudelaire orphans, then before you read even one more sentence, you should know this: Violet, Klaus, and Sunny are kindhearted and quick-witted, but their lives, I am sorry to say, are filled with bad luck and misery. All of the stories about these three children are unhappy and wretched, and this one may be the worst of them all. If you haven't got the stomach for a story that includes a hurricane, a signalling device, hungry leeches, cold cucumber soup, a horrible villain, and a doll named Pretty Penny, then this book will probably fill you with despair. I will continue to record these tragic tales, for that is what I do. You, however, should decide for yourself whether you can possibly endure this miserable story.<br/>With all due respect,<br/>Lemony Snicket |
| 650 #4 - ASSUNTO--TERMO TÓPICO |
| Cabeçalho tópico ou nome geográfico |
Orphans |
| 650 #4 - ASSUNTO--TERMO TÓPICO |
| Cabeçalho tópico ou nome geográfico |
Brothers and Sisters |
| 650 #4 - ASSUNTO--TERMO TÓPICO |
| Cabeçalho tópico ou nome geográfico |
Action or Adventure |
| 650 #4 - ASSUNTO--TERMO TÓPICO |
| Cabeçalho tópico ou nome geográfico |
Juvenile Literature |
| 650 #4 - ASSUNTO--TERMO TÓPICO |
| Cabeçalho tópico ou nome geográfico |
Humorous stories |
| 650 #4 - ASSUNTO--TERMO TÓPICO |
| Cabeçalho tópico ou nome geográfico |
Mystery, Thriller or Terror |
| 650 #4 - ASSUNTO--TERMO TÓPICO |
| Cabeçalho tópico ou nome geográfico |
Tv Shows |
| 942 ## - ELEMENTOS DE ENTRADA ADICIONADOS (KOHA) |
| Tipo de material Koha |
Livros |